[Event "SVK-ch Rapid"]
[Site "Modra"]
[Date "2021.06.12"]
[Round "4"]
[White "Lanc, Alois"]
[Black "Damek, Michal"]
[Result "1-0"]
[WhiteElo "2311"]
[BlackElo "1906"]
[PlyCount "57"]
[EventDate "2021.06.12"]
[EventType "swiss (rapid)"]
[EventRounds "9"]
[EventCountry "SVK"]
[SourceTitle "EXT 2022"]
[Source "ChessBase"]
[SourceDate "2021.10.06"]
[SourceVersion "1"]
[SourceVersionDate "2021.10.06"]
[SourceQuality "1"]

1. e4 d6 2. d4 Nf6 3. Nc3 g6 4. f4 Bg7 5. Nf3 c5 6. dxc5 dxc5 7. Qxd8+ Kxd8 8. e5 Nfd7 9. Ng5 Ke8 10. Nd5 h6 11. Ne4 Kd8 12. Be3 b6 13. 0-0-0 Bb7 14. h4 e6 15. Ndc3 Ke7 16. Be2 Nc6 17. Nd6 Rab8 18. Nxf7 Rhf8 19. Nd6 Ba8 20. Bf3 a6 21. Nce4 Nb4 22. Nc3 Nc6 23. a3 Rg8 24. Rd2 g5 25. hxg5 hxg5 26. Rh7 gxf4 27. Bxf4 Ncxe5 28. Bg5+ Kf8 29. Bxa8 1-0